000
00217 a2200097 4500
001
11388
100
_a
Lewis, B.
245
_a
The Middle East and the West
260
_a
_b
Indiana University
_c
090
_c
8935
_d
8935
942
_a
NUST-CAE
_c
M
_c
35750
999
_c
246461
_d
246461